000 01277nam a2200373 c 4500
001 53424
003 ES-MaCES
005 20250203133123.0
008 241125s2024 sp f 000 | spa d
017 _aV 3167-2024
_bDL
020 _a9788410717398
040 _aES-MaCES
_bspa
_cES-MaCES
100 1 _aGonzález Ortega, Santiago
_913865
245 1 0 _aIntroducción al Derecho de la Seguridad Social
_cSantiago González Ortega, Susana Barcelón Cobedo
250 _a18ª ed
260 _aValencia
_bTirant lo Blanch
_c2024
300 _a442 p.
_c24 cm
490 1 _aManuales
500 _aNormas básicas: p. 432-437
504 _aBibliografía: p. 439-442
541 _cCompra
650 4 _aseguridad social
_927034
650 4 _arégimen universal de prestaciones
_930153
650 4 _afinanciación de la seguridad social
_930265
650 4 _aEspaña
_926964
650 4 _alegislación de seguridad social
_929855
650 4 _arégimen jurídico
_929894
653 1 0 _aDerecho del trabajo y Seguridad Social
700 1 _aBarcelón Cobedo, Susana
_97091
775 0 _tIntroducción al Derecho de la Seguridad Social
_w(ES-MaCES)52968
830 0 _aManuales (Tirant lo Blanch (Firma))
_933478
902 _aLIB Libro
942 _2CES
_cBK
_h6.0.1.
999 _c53424
_d53424